000 00826nam a22002417a 4500
999 _c20375
_d20375
003 AR-CdUCM
008 190411b ||||| |||| 00| 0 spa d
040 _aMUNICIPALIDAD PROVINCIAL DEL CUSCO
_cBIBLIOTECA MUNICIPAL DEL CUSCO
041 _hita
082 _a624 /
_bB41
100 _aBelluzi, Odone.
_931328
245 _aCiencia de la Construcción I /
260 _aMadrid :
_bAguilar,
_c1967.
300 _a657 páginas ;
_bfiguras, ilustraciones,
_c21 cm.
505 _aContenido: Ciencia de la construcción -- Operaciones con las fuerzas -- Reacciones de los enlaces...
650 _aConstrucción
_94996
650 _aHormigón armado
_931329
650 _aEstructuras
_919977
650 _aVigas
_931330
700 _aVelazquez Velazauez, Manuel (traducción)
_931331
942 _2ddc
_cLIBROS
945 _aJavier